Angol-Magyar-Németh-Szlovák tematikus gazdasági szótár
Gespeichert in:
| 1. Verfasser: | |
|---|---|
| Format: | Buch |
| Sprache: | Englisch Ungarisch Deutsch Slowakisch |
| Veröffentlicht: |
Komárno
Pont Intézet
2007
|
| Schlagworte: | |
| Tags: |
Keine Tags, Fügen Sie das erste Tag hinzu!
|
MARC
| LEADER | 00000nam$a2200000$$$4500 | ||
|---|---|---|---|
| 001 | 0067189 | ||
| 005 | 20240502071815.2 | ||
| 022 | |a 1336-135X | ||
| 041 | 0 | |a eng | |
| 041 | 0 | |a hun | |
| 041 | 0 | |a ger | |
| 041 | 0 | |a slo | |
| 044 | |a SK | ||
| 245 | 1 | 0 | |a Angol-Magyar-Németh-Szlovák tematikus gazdasági szótár |c Tomáš Dudáš |
| 264 | 1 | |a Komárno |b Pont Intézet |c 2007 | |
| 300 | |a 181 s. | ||
| 610 | 2 | 0 | |a terminológia |
| 610 | 2 | 0 | |a jazyky cudzie |
| 610 | 2 | 0 | |a hospodárstvo národné |
| 100 | 1 | |a Dudáš, Tomáš, 1976- | |